Tilastot visalle Kongon demokraattisen tasavallan naapurimaat

Klikkaa tästä pelataksesi tätä visaa!

Yleistilastot

  • Tätä visaa on pelattu 869 kertaa
  • Keskiarvotulos 7 / 9

Vastaukset kartalla

Vastauksille on annettu kartalla punavihreä väri sen mukaan, kuinka moni on saanut sen oikein.
 

Vastaustilastot

Valtio% Oikein
Keski-Afrikan tasavalta
88%
Kongon tasavalta
88%
Angola
86%
Tansania
84%
Uganda
84%
Etelä-Sudan
81%
Ruanda
81%
Sambia
81%
Burundi
75%

Tulosjakauma

Persentiili vastausten määrän mukaan

Jokaisen tuloksen saaneiden osuus

Tuloshistoriasi

Et ole pelannut tätä visaa